00482 2200181 4500001002100000008004100021035002000062245005300082100002600135250000700161260003000168300002500198020002200223084001400245082000800259650001800267990001500285INLIS000000000003408 ind  a0010-0526000031 aX-Press TKA Bahasa InggriscWaskito Imam Nugroho aNugroho, Waskito Imam a23 aJakarta :bErlanggac2047 a95 hlmc21 x 25.5 cm a978-623-522-810-5 a420 WAS x a420 aBahasa Inggis a20137/B/26